Music Quiz

Random Music or Song Quiz

Compound Music Quiz Stats

 Plays Quiz Updated Jun 6, 2016

Challenge
Share
Tweet
Embed
Score 0/25 Timer 07:00
1 Play Today
Title (A) Compound Word % Correct
_____ of the Tiger (1982)Eyeball
93%
Stuck in the _____ With You (1973)Middleman
89.5%
You Light Up My _____ (1977)Lifestyle
88.9%
Bridge over Troubled _____ (1970)Waterfall
86%
_____ in the U.S.S.R. (1968)Backbone
84.3%
House of the Rising _____ (1933)Sunshine
83.9%
Video Killed the Radio _____ (1979)Starlight
80.8%
Hit the Road _____ (1961)Jackknife
79%
Knockin' on Heaven's _____ (1973)Doorbell
77.7%
_____ on Wood (1966)Knockout
77.4%
_____ of '69 (1985)Summertime
77.3%
8 _____ (2002)Milestone
68.3%
Burning _____ the House (1983)Downstream
68%
Title (A) Compound Word % Correct
_____ of Fire (1963)Ringleader
67.8%
First Time _____ I Saw Your Face (1969)Evergreen
66.6%
_____ of Glass (1979)Heartbeat
58.2%
Whip My _____ (2010)Haircut
53.9%
Nights in _____ Satin (1967)Whitewash
47.7%
What a Diff'rence a _____ Made (1959)Daybreak
45.9%
_____ in My Pocket (1995)Handshake
41.4%
_____ My Thumb (1966)Underdog
24.4%
_____ of Puppets (1986)Masterpiece
21.4%
Stormy _____ (1933)Weatherproof
17.1%
This Woman's _____ (1989)Workplace
16%
Give _____ a Chance (1969)Peacemaker
13%

You're not logged in!

Compare scores with friends on all Sporcle quizzes.
OR
Log In

You Might Also Like...

Show Comments

Extras

Top Quizzes Today


Score Distribution

Your Account Isn't Verified!

In order to create a playlist on Sporcle, you need to verify the email address you used during registration. Go to your Sporcle Settings to finish the process.

Report this User

Report this user for behavior that violates our Community Guidelines.

Details: